header

The social psychology of good and evil (Record no. 139313)

MARC details
000 -LEADER
fixed length control field 01288nam a22003494a 4500
082 04 - DEWEY DECIMAL CLASSIFICATION NUMBER
Classification number 303.3/72
245 04 - TITLE STATEMENT
Title The social psychology of good and evil
260 ## - PUBLICATION, DISTRIBUTION, ETC. (IMPRINT)
Place of publication New York :
Name of publisher Guilford Press,
Year of publication c2004.
300 ## - PHYSICAL DESCRIPTION
Number of Pages xiv, 498 p.
650 #0 - SUBJECT ADDED ENTRY--TOPICAL TERM
Topical Term Aggressiveness.
Topical Term Good and evil.
Topical Term Helping behavior.
Topical Term Social psychology
Topical Term Violence.
700 1# - ADDED ENTRY--PERSONAL NAME
Personal name Miller, Arthur G.,
856 40 - ELECTRONIC LOCATION AND ACCESS
Uniform Resource Identifier http://site.ebrary.com/lib/rucke/Doc?id=10172299

No items available.

© 2026 Rongo University
Contact us: librarian | system librarian | Rongo university